Blessed release (Record no. 80477)
[ view plain ]
| 000 -LEADER | |
|---|---|
| fixed length control field | 01055cab a22002295a 4500 |
| 001 - CONTROL NUMBER | |
| control field | L144464 |
| 008 - FIXED-LENGTH DATA ELEMENTS--GENERAL INFORMATION | |
| fixed length control field | 080722e20080718xxk f v 000 0 eng d |
| 035 ## - SYSTEM CONTROL NUMBER | |
| System control number | (Sirsi) u144464 |
| 041 0# - LANGUAGE CODE | |
| Language code of text/sound track or separate title | eng |
| 100 1# - MAIN ENTRY--PERSONAL NAME | |
| Personal name | Gordon, Warren |
| 245 00 - TITLE STATEMENT | |
| Title | Blessed release |
| Remainder of title | case news |
| 260 ## - PUBLICATION, DISTRIBUTION, ETC. | |
| Date of publication, distribution, etc. | 2008 |
| 490 #0 - SERIES STATEMENT | |
| Series statement | Property Week |
| Volume/sequential designation | 73(29) 18 July 2008, 83(1) |
| 520 ## - SUMMARY, ETC. | |
| Summary, etc. | Discusses a legal decision by the House of Lords with important implications for leasehold enfranchisement. Summarises the case of Earl Cadogan v Cadogan Square and De Walden v Aggio [2008] UKHL 44 (L144184). A head lessee of a block of flats may claim a legal right to acquire a new lease in respect of individual flats in the block. |
| 590 ## - LOCAL NOTE (RLIN) | |
| Local note | KA |
| 650 24 - SUBJECT ADDED ENTRY--TOPICAL TERM | |
| Topical term or geographic name entry element | LEASEHOLD, REFORM AND URBAN DEVELOPMENT ACT 1993 |
| 650 24 - SUBJECT ADDED ENTRY--TOPICAL TERM | |
| Topical term or geographic name entry element | HOWARD DE WALDEN ESTATES LTD V AGGIO AND ORS |
| 650 24 - SUBJECT ADDED ENTRY--TOPICAL TERM | |
| Topical term or geographic name entry element | EARL CADOGAN AND CADOGAN ESTATES LTD V 26 CADOGAN SQUARE LTD |
| 651 #4 - SUBJECT ADDED ENTRY--GEOGRAPHIC NAME | |
| Geographic name | United Kingdom |
| Chronological subdivision | |
| 690 ## - LOCAL SUBJECT ADDED ENTRY--TOPICAL TERM (OCLC, RLIN) | |
| Topical term or geographic name as entry element | PROPERTY-RESIDENTIAL PROPERTY-RESIDENTIAL LANDLORD AND TENANT-RESIDENTIAL LEASES |
| 942 ## - ADDED ENTRY ELEMENTS (KOHA) | |
| Suppress in OPAC | 0 |
| Withdrawn status | Lost status | Source of classification or shelving scheme | Damaged status | Not for loan | Home library | Current library | Shelving location | Date acquired | Total Checkouts | Full call number | Barcode | Date last seen | Copy number | Price effective from | Koha item type |
|---|---|---|---|---|---|---|---|---|---|---|---|---|---|---|---|
| Dewey Decimal Classification | London | London | Journal article | 22/07/2008 | L144464 | 144464-1001 | 06/08/2019 | 1 | 06/08/2019 | Journal article |